Loading...
| Fine Arts - Other | 2 | 3 | 0 | 1 | 60 | 20 | 83.00 | 2 | 4 | 0.00 | 0.00 |
| Philosophy | 2 | 3 | 0 | 0 | 60 | 48 | 74.60 | 3 | 5 | 0.00 | 0.00 |
| Literature - Drama | 1 | 4 | 1 | 2 | 50 | 60 | 101.40 | 2 | 3 | 0.00 | 0.00 |
| Fine Arts - Classical Music | 1 | 4 | 1 | 1 | 50 | 10 | 83.00 | 1 | 4 | 0.00 | 0.00 |
| Short Fiction and Other | 0 | 3 | 0 | 0 | 30 | 86 | 110.00 | 0 | 2 | 0.00 | 0.00 |
| Fine Arts - Painting and Sculpture | 0 | 2 | 0 | 0 | 20 | 93 | 106.50 | 0 | 1 | 0.00 | 0.00 |
| Literature - Long Fiction | 1 | 2 | 4 | 0 | 15 | 84 | 89.33 | 2 | 3 | 0.00 | 0.00 |
| History - Other | 1 | 0 | 0 | 0 | 15 | 51 | 51.00 | 0 | 1 | 0.00 | 0.00 |
| Literature - Poetry | 1 | 0 | 0 | 0 | 15 | 70 | 70.00 | 1 | 1 | 0.00 | 0.00 |
| Other Academic | 0 | 1 | 0 | 0 | 10 | 83 | 83.00 | 1 | 1 | 0.00 | 0.00 |
| Religion | 0 | 1 | 0 | 0 | 10 | 148 | 148.00 | 0 | 0 | 0.00 | 0.00 |
| History - American | 0 | 1 | 0 | 0 | 10 | 98 | 98.00 | 0 | 1 | 0.00 | 0.00 |
| Social Science | 0 | 1 | 0 | 1 | 10 | 149 | 149.00 | 0 | 1 | 0.00 | 0.00 |
| History - World | 0 | 0 | 1 | 0 | -5 | 0.00 | 0 | 0 | 0.00 | 0.00 |